|
|
|
|
| LEADER |
01298cam a2200337 a 4500 |
| 001 |
c000391981 |
| 003 |
CARM |
| 005 |
20121106161233.0 |
| 008 |
121106s1987 acaa f000 0 eng d |
| 019 |
1 |
|
|a 69840360
|5 LACONCORD2021
|
| 020 |
|
|
|a 0642147124 (not printed on item) :
|c price unknown
|
| 035 |
|
|
|a (OCoLC)27485513
|5 LACONCORD2021
|
| 040 |
|
|
|a ANB
|b eng
|c ANB
|d ANB
|
| 042 |
|
|
|a anuc
|
| 043 |
|
|
|a u-at---
|
| 050 |
|
|
|a QT 260
|
| 082 |
0 |
4 |
|a 796.019220994
|2 19
|
| 100 |
1 |
|
|a Russell, N. A.
|q (Neil A.)
|
| 245 |
1 |
3 |
|a An evaluation of the Aussie Sports, children in sports program :
|b final report, June 1987 /
|c N.A. Russell, R.D. Traill.
|
| 260 |
|
|
|a [Canberra :
|b Australian Sports Commission,
|c 1987].
|
| 300 |
|
|
|a 136, [31] p. :
|b ill. ;
|c 30 cm.
|
| 610 |
2 |
0 |
|a Aussie Sports (Program)
|
| 650 |
|
0 |
|a Sports for children
|z Australia.
|
| 650 |
|
0 |
|a School sports
|z Australia.
|
| 700 |
1 |
|
|a Traill, R. D.
|q (Ronald David)
|
| 710 |
2 |
|
|a Australian Sports Commission.
|
| 852 |
8 |
|
|b CARM
|p 0588583
|f BK
|
| 852 |
8 |
|
|b SCAN
|h A3:AG26E0
|i F08327
|p 0588583
|f BK
|
| 999 |
f |
f |
|i d82f2781-06d2-5800-af5a-8ac374e8e78f
|s 4e7f7cf5-d485-58dd-b253-e965f7faf8f6
|
| 952 |
f |
f |
|p Can circulate
|a CAVAL
|b CAVAL
|c CAVAL
|d CARM 1 Store
|i book
|m 0588583
|
| 952 |
f |
f |
|a CAVAL
|b CAVAL
|c CAVAL
|d Unmapped Location
|e F08327
|f A3:AG26E0
|h Other scheme
|